000 00250nam a2200109Ia 4500
005 20251222154329.0
008 251222s9999||||xx |||||||||||||| ||spa||
082 _a838.9/B28B
100 _a"Baum, Vicki"
245 0 _aEl bosque que llora
942 _cLIB
999 _c34086
_d34086